<?xml version="1.0" encoding="UTF-8"?>
<record
    xmlns:xsi="http://www.w3.org/2001/XMLSchema-instance"
    xsi:schemaLocation="http://www.loc.gov/MARC21/slim http://www.loc.gov/standards/marcxml/schema/MARC21slim.xsd"
    xmlns="http://www.loc.gov/MARC21/slim">

  <leader>00646nam a22001937a 4500</leader>
  <datafield tag="999" ind1=" " ind2=" ">
    <subfield code="c">172317</subfield>
    <subfield code="d">172317</subfield>
  </datafield>
  <controlfield tag="005">20200131150330.0</controlfield>
  <datafield tag="010" ind1=" " ind2=" ">
    <subfield code="a">A-431150</subfield>
  </datafield>
  <datafield tag="020" ind1=" " ind2=" ">
    <subfield code="c">170.00</subfield>
    <subfield code="a">-</subfield>
  </datafield>
  <datafield tag="035" ind1=" " ind2=" ">
    <subfield code="a">A-431150</subfield>
  </datafield>
  <datafield tag="037" ind1=" " ind2=" ">
    <subfield code="b">DBAD/PUB</subfield>
    <subfield code="a">-</subfield>
  </datafield>
  <datafield tag="082" ind1=" " ind2=" ">
    <subfield code="a">846</subfield>
  </datafield>
  <datafield tag="100" ind1=" " ind2=" ">
    <subfield code="a">&#x633;&#x64A;&#x62F; &#x645;&#x638;&#x641;&#x631; &#x62D;&#x633;&#x64A;&#x646; &#x628;&#x631; &#x646;&#x6CC; </subfield>
  </datafield>
  <datafield tag="245" ind1=" " ind2=" ">
    <subfield code="a">&#x6A9;&#x644;&#x64A;&#x627; &#x62A; &#x645;&#x6A9;&#x627; &#x62A;&#x64A;&#x628; &#x627; &#x642;&#x628;&#x627; &#x644; </subfield>
    <subfield code="c">&#x633;&#x64A;&#x62F; &#x645;&#x638;&#x641;&#x631; &#x62D;&#x633;&#x64A;&#x646; &#x628;&#x631; &#x646;&#x6CC; </subfield>
  </datafield>
  <datafield tag="246" ind1=" " ind2=" ">
    <subfield code="b">Kuliyat-e-Makatib-e-Iqbal (Urdu)</subfield>
    <subfield code="a">by Syed Muzafer Hussain Barni</subfield>
  </datafield>
  <datafield tag="260" ind1=" " ind2=" ">
    <subfield code="a">Delhi</subfield>
    <subfield code="b">Urdu Academy </subfield>
    <subfield code="c">1989 &#x621;</subfield>
  </datafield>
  <datafield tag="270" ind1=" " ind2=" ">
    <subfield code="a">Ghata Masjid Road,Darya Ganj,</subfield>
    <subfield code="b">Delhi </subfield>
    <subfield code="e">110002</subfield>
    <subfield code="k">-</subfield>
    <subfield code="l">-</subfield>
  </datafield>
  <datafield tag="300" ind1=" " ind2=" ">
    <subfield code="a">1207 &#x635; </subfield>
    <subfield code="c">22 Cm(Hb)</subfield>
  </datafield>
  <datafield tag="942" ind1=" " ind2=" ">
    <subfield code="2">ddc</subfield>
    <subfield code="c">UR</subfield>
    <subfield code="h">846</subfield>
    <subfield code="m">&#x627; &#x642; &#x628; </subfield>
  </datafield>
  <datafield tag="952" ind1=" " ind2=" ">
    <subfield code="0">0</subfield>
    <subfield code="1">0</subfield>
    <subfield code="4">0</subfield>
    <subfield code="7">0</subfield>
    <subfield code="8">NFIC</subfield>
    <subfield code="a">L</subfield>
    <subfield code="b">L</subfield>
    <subfield code="d">2020-01-31</subfield>
    <subfield code="e">BPPD/Ven.</subfield>
    <subfield code="g">170.00</subfield>
    <subfield code="l">0</subfield>
    <subfield code="o">846 &#x627; &#x642; &#x628;</subfield>
    <subfield code="p">A-431150</subfield>
    <subfield code="r">2020-01-31 00:00:00</subfield>
    <subfield code="t">1</subfield>
    <subfield code="v">170.00</subfield>
    <subfield code="w">2020-01-31</subfield>
    <subfield code="y">UR</subfield>
  </datafield>
</record>
